MARC details
| 000 -CABECERA |
| campo de control de longitud fija |
01112nam a2200265 a 4500 |
| 001 - NÚMERO DE CONTROL |
| campo de control |
000026511 |
| 005 - FECHA Y HORA DE LA ÚLTIMA TRANSACCIÓN |
| campo de control |
20200930030248.0 |
| 008 - DATOS DE LONGITUD FIJA--INFORMACIÓN GENERAL |
| campo de control de longitud fija |
110322s1969 sp r 000 0 spa d |
| 040 ## - FUENTE DE LA CATALOGACIÓN |
| Centro catalogador/agencia de origen |
DO-SdBNP |
| Lengua de catalogación |
spa |
| Centro/agencia transcriptor |
BNPHU |
| 041 17 - CÓDIGO DE LENGUA |
| Código de lengua del texto/banda sonora o título independiente |
spa |
| Código de lengua original |
fre |
| Fuente del código |
Código de idioma MARC |
| 082 ## - NÚMERO DE LA CLASIFICACIÓN DECIMAL DEWEY |
| Número de clasificación |
xxx |
| Número de documento/Ítem |
M231e |
| 049 ## - FONDOS LOCALES (OCLC) |
| Fondos de biblioteca |
BNGR |
| 100 1# - ENTRADA PRINCIPAL--NOMBRE DE PERSONA |
| Nombre de persona |
Maisson, Marcel, |
| 9 (RLIN) |
53587 |
| 240 10 - TÍTULO UNIFORME |
| Título uniforme |
L'etude du marche et de la promotion des ventes. |
| Lenguaje de la obra |
Español. |
| 245 10 - MENCIÓN DE TÍTULO |
| Título |
Estudios de mercados y promoción de ventas / |
| Mención de responsabilidad, etc. |
Marcel Moisson ; traducido por Dagoberto Azurza. |
| 260 ## - PUBLICACIÓN, DISTRIBUCIÓN, ETC. |
| Lugar de publicación, distribución, etc. |
Bilbao, (España) : |
| Nombre del editor, distribuidor, etc. |
Deusto, |
| Fecha de publicación, distribución, etc. |
1969. |
| 300 ## - DESCRIPCIÓN FÍSICA |
| Extensión |
133 p. : |
| Otras características físicas |
il. ; |
| Dimensiones |
22 cm. |
| 490 1# - MENCIÓN DE SERIE |
| Mención de serie |
Manuales prácticos de gestión de empresas |
| -- |
D |
| Designación de volumen o secuencia |
2 |
| 500 ## - NOTA GENERAL |
| Nota general |
Incluye notas al pie de las páginas |
| 504 ## - NOTA DE BIBLIOGRAFÍA, ETC. |
| Nota de bibliografía, etc. |
Incluye referencias bibliográficas. |
| 505 0# - NOTA DE CONTENIDO CON FORMATO |
| Nota de contenido con formato |
Estudio del mercado de una empresa -- La promoción de ventas -- Estudio y creación de una red comercial |
| 534 ## - NOTA SOBRE LA VERSIÓN ORIGINAL |
| Encabezamiento principal del original |
Título original: |
| Mención de título del original |
L'etude du marche et de la promotion des ventes. |
| 700 1# - PUNTO DE ACCESO ADICIONAL--NOMBRE DE PERSONA |
| Nombre de persona |
Azurza, Dagoberto |
| Término indicativo de función/relación |
tr. |
| 9 (RLIN) |
53588 |
| 830 #0 - PUNTO DE ACCESO ADICIONAL DE SERIE-TÍTULO UNIFORME |
| Título uniforme |
Manuales prácticos de gestión de empresas ; |
| Nombre de parte o sección de la obra |
D |
| Designación de volumen o secuencia |
2 |
| 9 (RLIN) |
53589 |